La enajenación social de la mujer en "A ras del suelo", de Luisa González /
محفوظ في:
| المؤلف الرئيسي: | |
|---|---|
| التنسيق: | غير معروف |
| اللغة: | Spanish |
| الموضوعات: | |
| الوسوم: |
إضافة وسم
لا توجد وسوم, كن أول من يضع وسما على هذه التسجيلة!
|
MARC
| LEADER | 000000000a22000000004500 | ||
|---|---|---|---|
| 001 | 009556 | ||
| 041 | 0 | |a spa | |
| 100 | 1 | |a Araya Solano, Seidy | |
| 245 | 1 | 3 | |a La enajenación social de la mujer en "A ras del suelo", de Luisa González / |c Seidy Araya Solano. |
| 310 | |a semestral | ||
| 650 | 4 | |a GONZALEZ DE SAENZ, LUISA, (1904-1999) | |
| 650 | 4 | |a A RAS DEL SUELO | |
| 773 | 0 | |d Estados Unidos : Instituto Internacional de Literatura Iberamericana |t Revista Iberoamericana |g número 138-139 (1987), páginas 419-434 | |
| 942 | |c ARC | ||
| 999 | |c 16962 |d 16962 | ||
